[Event "Aragon-chT Preferente Gr-I"]
[Site "Aragon"]
[Date "2020.02.29"]
[Round "6.48"]
[White "Salete Sanchez, Victor"]
[Black "Lopez Lozano, David"]
[Result "0-1"]
[WhiteElo "1424"]
[BlackElo "1696"]
[PlyCount "90"]
[EventDate "2020.01.25"]
[EventType "team-tourn"]
[EventRounds "9"]
[EventCountry "ESP"]
[SourceTitle "EXT 2022"]
[Source "ChessBase"]
[SourceDate "2021.10.06"]
[SourceVersion "1"]
[SourceVersionDate "2021.10.06"]
[SourceQuality "1"]
[WhiteTeam "El Olivar III"]
[BlackTeam "Marcos Frechin"]
[WhiteTeamCountry "ESP"]
[BlackTeamCountry "ESP"]

1. d4 Nf6 2. c4 e6 3. Nc3 Bb4 4. Qb3 Bxc3+ 5. bxc3 b6 6. Nf3 Bb7 7. Bg5 h6 8. Bh4 d6 9. e3 Nbd7 10. Be2 Qc8 11. 0-0 0-0 12. a4 a5 13. Rab1 Ne4 14. Rfd1 Ba6 15. Bd3 Bb7 16. Nd2 Nxd2 17. Rxd2 Kh8 18. Qb5 f5 19. f4 Ba6 20. Qc6 Bb7 21. Qb5 Qe8 22. Rf1 Qf7 23. Be2 c6 24. Qb2 Rab8 25. Bf3 Ba8 26. Rfd1 Rg8 27. d5 cxd5 28. cxd5 e5 29. c4 Rgc8 30. Rc1 Qe8 31. Qb5 exf4 32. exf4 Qe3+ 33. Bf2 Qxd2 34. Rd1 Qxf4 35. Qxd7 Rxc4 36. Bg3 Qe3+ 37. Bf2 Qe5 38. Bxb6 Rbc8 39. Qb5 Rc1 40. Qd3 Rxd1+ 41. Qxd1 Qb2 42. Be3 Qa3 43. Kf2 Re8 44. Qd2 Qxa4 45. Bxh6 Qh4+ 0-1

[Event "Aragon-chT Preferente Gr-I"]
[Site "Aragon"]
[Date "2019.02.23"]
[Round "5.5"]
[White "Torres Ferrandez, Mario"]
[Black "Salete Sanchez, Victor"]
[Result "1-0"]
[WhiteElo "1872"]
[BlackElo "1420"]
[PlyCount "69"]
[EventDate "2019.01.26"]
[EventType "team-tourn"]
[EventRounds "9"]
[EventCountry "ESP"]
[SourceTitle "EXT 2020"]
[Source "ChessBase"]
[SourceDate "2019.10.17"]
[SourceVersion "1"]
[SourceVersionDate "2019.10.17"]
[SourceQuality "1"]
[WhiteTeam "Marcos Frechin"]
[BlackTeam "El Olivar III"]
[WhiteTeamCountry "ESP"]
[BlackTeamCountry "ESP"]

1. c4 c5 2. Nc3 Nc6 3. g3 g6 4. Bg2 Bg7 5. e4 e5 6. Nge2 Nge7 7. 0-0 0-0 8. d3 d6 9. Be3 Be6 10. Qd2 Qd7 11. Bh6 f5 12. Bxg7 Kxg7 13. Nd5 Nd4 14. Nxd4 cxd4 15. f4 Bxd5 16. exd5 Ng8 17. Rae1 Rae8 18. fxe5 dxe5 19. c5 Nf6 20. c6 bxc6 21. dxc6 Qc7 22. Qb4 Rb8 23. Qc5 Ng4 24. Re2 Ne3 25. Rc1 Rfe8 26. b4 a6 27. a4 Nxg2 28. Kxg2 Qb6 29. c7 Qxc5 30. Rxc5 Rbc8 31. b5 e4 32. Kf2 exd3 33. Rxe8 Rxe8 34. c8Q d2 35. Qd7+ 1-0